00704 2200277 4500001002100000005001500021035002000036007000300056008004100059020001800100082001000118084001600128100002300144245007000167250001000237260003600247300003100283650002900314700002000343990001000363990001000373990001100383990001000394990001100404990001100415INLIS00000000000331920190609091129 a0010-0619000068ta190609 g 0 ind  a9786021656761 a746.4 a746.4 DEN t0 aDENIK, Ristya Rini1 a17 Kreasi Rajut Hati /cDenik Ristya Rini; editor, Berliyandy T.R acet.1 aSurabaya :bTiara Aksana,c2016 a61 hlm. :bilus. ;c21 cm. 4aSENI TEKSTIL. RAJUT KAIN0 aBERLIYANDY, T.R a6710a a6710b a6710 a a6710b a6710 b a6710 a